Journal of sports law & contemporary problems / (Record no. 275856)
[ view plain ]
| 000 -LEADER | |
|---|---|
| fixed length control field | 00578nam a2200169Ia 4500 |
| 008 - FIXED-LENGTH DATA ELEMENTS--GENERAL INFORMATION | |
| fixed length control field | 140925s9999 xx 000 0 und d |
| 245 ## - TITLE STATEMENT | |
| Title | Journal of sports law & contemporary problems / |
| Medium | [electronic resource] |
| 260 ## - PUBLICATION, DISTRIBUTION, ETC. (IMPRINT) | |
| Name of publisher, distributor, etc | DePaul University College of Law, |
| Date of publication, distribution, etc | [ca.2009] |
| 516 ## - TYPE OF COMPUTER FILE OR DATA NOTE | |
| Type of computer file or data note | Electronic text |
| 650 ## - SUBJECT ADDED ENTRY--TOPICAL TERM | |
| Topical term or geographic name as entry element | Journal. |
| 650 ## - SUBJECT ADDED ENTRY--TOPICAL TERM | |
| Topical term or geographic name as entry element | Problems. |
| 650 ## - SUBJECT ADDED ENTRY--TOPICAL TERM | |
| Topical term or geographic name as entry element | Sports and Recreation. |
| 650 ## - SUBJECT ADDED ENTRY--TOPICAL TERM | |
| Topical term or geographic name as entry element | Sports Law. |
| 830 ## - SERIES ADDED ENTRY--UNIFORM TITLE | |
| Uniform title | DePaul University College of Law |
| 856 ## - ELECTRONIC LOCATION AND ACCESS | |
| Uniform Resource Identifier | <a href="https://laworgs.depaul.edu/journals/sports_law/journals/Pages/Volume6,%20Issue2.aspx">https://laworgs.depaul.edu/journals/sports_law/journals/Pages/Volume6,%20Issue2.aspx</a> |
| 942 ## - ADDED ENTRY ELEMENTS (KOHA) | |
| Koha item type | Electronic Journals |
| Withdrawn status | Lost status | Damaged status | Home library | Current library | Date acquired | Total Checkouts | Barcode | Date last seen | Price effective from | Koha item type |
|---|---|---|---|---|---|---|---|---|---|---|
| College Library | College Library | EJ0253 | 09/25/2014 | 09/25/2014 | Electronic Journals |